000 00874nam a22002651i 4500
003 OSt
005 20210517115335.0
008 210517t19881988io gr 000 0 may d
020 _a97980012910
_qpaperback
040 _aPPAK
_beng
_cPPAK
_erda
082 0 4 _a808.006
_223
090 _a808.006
_bILM
_dKAO
245 1 0 _aILMUWAN DAN BAHASA INDONESIA :
_bMenyambut 60 tahun Sumpah Pemuda /
_cDisusun oleh Adjat Sakri.
246 3 3 _aIlmuwan dan Bahasa Indonesia :
_bMenyambut 60 tahun sumpah pemuda 1928 - 1988.
264 1 _aBandung, Jakarta :
_bPenerbit ITB,
_c1988
264 4 _c©1988
300 _a8a, 260 pages :
_billustrations ;
_c21 cm
336 _atext
_2rdacontent
337 _aunmediated
_2rdamedia
338 _avolume
_2rdacarrier
650 1 0 _aAcademic writing
650 2 0 _aCreative writing
700 1 _aSakri, Adjat,
_ecompiler.
942 _2ddc
_cB
999 _c183968
_d183968